000
00221nam a22000977a 4500
082
_a
355.4
_b
THU
_c
D
245
_a
GAS in the Next War
526
_a
0
_b
0
_c
0
_d
355_400000000000000_THU
650
_a
MCE
_9
379
942
_2
ddc
_c
BK
999
_c
552288
_d
552288